000
00293npm a2200133 4500
003
OSt
005
20260122194521.0
008
260122b |||||||| |||| 00| 0 fre d
040
_c
autismepaimpol.fr
245
_a
Loto Mon Jardin
260
_b
Jeux NATHAN
520
_a
A compléter
942
_c
MATP
999
_c
271
_d
271